Bài tập ngữ văn 11 nâng cao
Sách là tài liệu tham khảo giúp giáo viên, học sinh trung học phổ thông có thêm tư liệu để dạy và học tốt hơn bộ môn Ngữ văn.
Сохранить в:
| Главный автор: | |
|---|---|
| Формат: | |
| Язык: | Undetermined |
| Опубликовано: |
Hà Nội
Giáo dục
2008
|
| Предметы: | |
| Метки: |
Добавить метку
Нет меток, Требуется 1-ая метка записи!
|
| Thư viện lưu trữ: | Trung tâm Học liệu Trường Đại học Cần Thơ |
|---|
| LEADER | 00806nam a2200217Ia 4500 | ||
|---|---|---|---|
| 001 | CTU_182380 | ||
| 008 | 210402s9999 xx 000 0 und d | ||
| 020 | |c 7200 | ||
| 082 | |a 495.922076 | ||
| 082 | |b S550/T.1 | ||
| 100 | |a Trần, Đình Sử | ||
| 245 | 0 | |a Bài tập ngữ văn 11 nâng cao | |
| 245 | 0 | |c Trần Đình Sử chủ biên | |
| 260 | |a Hà Nội | ||
| 260 | |b Giáo dục | ||
| 260 | |c 2008 | ||
| 520 | |a Sách là tài liệu tham khảo giúp giáo viên, học sinh trung học phổ thông có thêm tư liệu để dạy và học tốt hơn bộ môn Ngữ văn. | ||
| 650 | |a Vietnamese language | ||
| 650 | |x Study and teaching (Secondary) | ||
| 904 | |i Bằng | ||
| 980 | |a Trung tâm Học liệu Trường Đại học Cần Thơ | ||